Mujer y poesía. (Record no. 66899)

MARC details
000 -LEADER
campo de control de longitud fija 00931nam a2200289 i 4500
001 - NÚMERO DE CONTROL
campo de control 66899
003 - IDENTIFICADOR DE NÚMERO DE CONTROL
campo de control ES-MaACL
005 - FECHA Y HORA DE LA ÚLTIMA TRANSACCIÓN
campo de control 20250818232005.0
007 - CAMPO FIJO DE DESCRIPCIÓN FÍSICA--INFORMACIÓN GENERAL
campo de control de longitud fija t|
008 - DATOS DE LONGITUD FIJA--INFORMACIÓN GENERAL
campo de control de longitud fija 040419s2000 sp ||||1| spa d
020 ## - NÚMERO INTERNACIONAL ESTÁNDAR DEL LIBRO
Número Internacional Estándar del Libro 84-88617-24-0
080 ## - NÚMERO DE LA CLASIFICACIÓN DECIMAL UNIVERSAL
Número de la Clasificación Decimal Universal 821.134.2-3.09"19"
245 00 - MENCIÓN DEL TÍTULO
Título Mujer y poesía.
260 ## - PUBLICACIÓN, DISTRIBUCIÓN, ETC.
Lugar de publicación, distribución, etc. Rute :
Nombre del editor, distribuidor, etc. Ánfora Nova :
-- Fundación Ramón Areces,
Fecha de publicación, distribución, etc. 2000.
300 ## - DESCRIPCIÓN FÍSICA
Extensión 138 p. :
Otras características físicas il. col., retr. ;
Dimensiones 30 cm.
490 1# - MENCIÓN DE SERIE
Mención de serie Ánfora nova ;
Designación de volumen o secuencia 43-44
530 ## - NOTA DISPONIBLE DE FORMULARIO FÍSICO ADICIONAL
Nota de formato físico adicional disponible Índice disponible en Dialnet.
594 ## - Nota al título y mención de responsabilidad
Nota al título y mención de responsabilidad Número monográfico de la revista literaria Ánfora nova, ISSN 1135-5816 (n. 43-44)
650 #4 - PUNTO DE ACCESO ADICIONAL DE MATERIA--TÉRMINO DE MATERIA
Término de materia o nombre geográfico como elemento de entrada Poesía-
Subdivisión general Autoras.
9 (RLIN) 174315
650 #4 - PUNTO DE ACCESO ADICIONAL DE MATERIA--TÉRMINO DE MATERIA
Término de materia o nombre geográfico como elemento de entrada Poesía-
Subdivisión cronológica S.XX
9 (RLIN) 16200
650 #4 - PUNTO DE ACCESO ADICIONAL DE MATERIA--TÉRMINO DE MATERIA
Término de materia o nombre geográfico como elemento de entrada Mujeres-
Subdivisión general En la literatura.
9 (RLIN) 15271
710 2# - ENTRADA AGREGADA--NOMBRE DE ENTIDAD CORPORATIVA
Nombre de entidad corporativa o nombre de jurisdicción como elemento de entrada Fundación Ramón Areces
9 (RLIN) 4401
830 1# - PUNTO DE ACCESO ADICIONAL DE SERIE-TÍTULO UNIFORME
Título uniforme Ánfora Nova ;
Designación de volumen o secuencia 43-44
9 (RLIN) 179301
852 4# - LOCALIZACIÓN
Ubicación ES-MaACL
Número de control de estantería L-27375
942 ## - ELEMENTOS DE ENTRADA SECUNDARIOS (KOHA)
Fuente del sistema de clasificación o colocación Clasificación decimal universal
Holdings
Estatus retirado Estado de pérdida Fuente del sistema de clasificación o colocación Estado de daño No para préstamo Biblioteca de origen Biblioteca actual Ubicación en estantería Fecha de adquisición Total de préstamos Signatura topográfica completa Código de barras Visto por última vez Precio de reemplazo Tipo de ítem Koha
    Clasificación decimal universal     Biblioteca del Ateneo de Madrid Biblioteca del Ateneo de Madrid Depósito 2 17/01/2008   L-27375 1070070 23/02/2023 23/02/2023 Libro impreso